000 00492nam a2200181Ia 4500
008 090124s9999 xx 000 0 und d
082 _b123564
100 _aमंगेशकर गीता
245 _a जन्मभूमी
250 _a1
260 _c1989
300 _a230
600 _aमंगेशकर गीता
630 _a जन्मभूमी
700 _aमंगेशकर गीता
730 _a जन्मभूमी
942 _cBOOK
999 _c169651
_d169651